LEADER 05242oam 2200889 c 450 001 9910476922003321 005 20260302090207.0 010 $a9783666101205 010 $a3666101208 010 $a9783647101200 010 $a3647101206 024 8 $ahttps://doi.org/10.13109/9783666101205 035 $a(CKB)2550000001120646 035 $a(EBL)1420377 035 $a(OCoLC)862830503 035 $a(SSID)ssj0001168830 035 $a(PQKBManifestationID)11960179 035 $a(PQKBTitleCode)TC0001168830 035 $a(PQKBWorkID)11144497 035 $a(PQKB)11042832 035 $a(MiAaPQ)EBC1420377 035 $a(ScCtBLL)930c49f9-e783-4ef7-8750-778cf23db102 035 $a(Vandenhoeck & Ruprecht)9783647101200 035 $a(oapen)doab69770 035 $a(EXLCZ)992550000001120646 100 $a20260302d2013 uy 0 101 0 $ager 135 $aur|n|---||||| 181 $ctxt 182 $cc 183 $acr 200 00$aStreitkultur und Öffentlichkeit im konfessionellen Zeitalter$fKenneth Appold, Irene Dingel, Mariano Delgado, Henning P. Jürgens, Barbara Mahlmann-Bauer, Ursula Paintner, Gerd Schwerhoff, Silvia Serena Tschopp, Thomas Weller, Marian Füssel, Laura Manzano Baena, Kolja Lichy, Marcus Sandl, Henning P. Jürgens, Thomas Weller 205 $a1st ed. 210 $aGöttingen$cVandenhoeck & Ruprecht$d2013 215 $a1 online resource (338 p.) 225 0 $aVeröffentlichungen des Instituts für Europäische Geschichte Mainz$vBand 095 300 $aDescription based upon print version of record. 311 08$a9783525101209 311 08$a3525101201 311 08$a9781299925946 311 08$a1299925944 327 $aCover; Title Page; Copyright; Table of Contents; Body; Einleitung; I. Themen; Irene Dingel: Zwischen Disputation und Polemik. »Streitkultur« in den nachinterimistischen Kontroversen; Silvia Serena Tschopp: Politik in theologischem Gewand. Eine jesuitisch-lutherische Kontroverse im Kontext des Dreißigja?hrigen Krieges; Kolja Lichy: Das Bo?se ist immer und u?berall. Antijesuitismus in Polen-Litauen um 1600; Thomas Weller: »Tre?s chre?tien« oder »cato?lico«? Der spanisch-franzo?sische Pra?zedenzstreit und die europa?ische O?ffentlichkeit 327 $aMariano Delgado: Die Kontroverse De Indis als Paradigma fu?r den Wandel von Streitkultur und O?ffentlichkeit im Spanien des 16. JahrhundertsII. Foren ; Kenneth G. Appold: Disput und Wahrheitsfindung im Konfessionellen Zeitalter; Marian Fu?ssel: Zweika?mpfe des Geistes. Die Disputation als Schlu?sselpraxis gelehrter Streitkultur im konfessionellen Zeitalter; Barbara Mahlmann-Bauer: »Gender« - eine Kategorie bei der Analyse theologischer Streitschriften von Frauen, oder: Sind die vereinzelten Autorinnen der Reformationszeit »subalterne«? 327 $aGerd Schwerhoff: Das fru?hneuzeitliche Duell in der o?ffentlichen Streitkultur. Zum paradoxen Verha?ltnis von Gewaltpraxen und normativen DiskursenIII. Medien ; Henning P. Ju?rgens: Das »Urteil der Kirche« im Osiandrischen Streit. Theologische O?ffentlichkeit als Schiedsinstanz; Marcus Sandl: »Von dem Anfang der Zerru?ttung«. Streit und Erza?hlung in den innerprotestantischen Kontroversen der 1550er und 1560er Jahre; Laura Manzano Baena: Diplomaten und Pamphletisten. Die Debatten um eine mo?gliche Verma?hlung der Infantin Maria Theresia mit Ludwig XIV. in Archiv- und Druckquellen (1644-1648) 327 $aUrsula Paintner: Streiten u?ber das, was Streit verhindern soll. Die o?ffentliche Debatte um den Index librorum prohibitorum im konfessionellen ZeitalterAutorenverzeichnis; Register ; Back Cover 330 $aPublic discussions are a key element of modern societies and a basic requirement for democracies. The contributors of this volume analyse how public quarrels have influenced societies in the past. 410 0$aVero?ffentlichungen des Instituts fu?r Europa?ische Geschichte Mainz ;$vBd. 95. 517 2 $aStreitkultur und Öffentlichkeit Hg.Jürgens/Weller 606 $aGeschichte und Öffentlichkeit 606 $aKonfessionalisierung 606 $aStreitkultur 615 4$aGeschichte und Öffentlichkeit 615 4$aKonfessionalisierung 615 4$aStreitkultur 676 $a256.378 702 $aAppold$b Kenneth$cDr.$4ctb 702 $aDingel$b Irene$cProf. Dr. Dr. h.c.$4ctb 702 $aDelgado$b Mariano$cProf. Dr. Dr. Dr. h.c$4ctb 702 $aJürgens$b Henning P$cDr.$4ctb 702 $aMahlmann-Bauer$b Barbara$cProf. Dr.$4ctb 702 $aPaintner$b Ursula$4ctb 702 $aSchwerhoff$b Gerd$cProf. Dr.$4ctb 702 $aTschopp$b Silvia Serena$cProf. Dr.$4ctb 702 $aWeller$b Thomas$cDr.$4ctb 702 $aFüssel$b Marian$cProf. Dr.$4ctb 702 $aBaena$b Laura Manzano$cDr.$4ctb 702 $aLichy$b Kolja$cDr.$4ctb 702 $aSandl$b Marcus$cProf. Dr.$4ctb 702 $aJürgens$b Henning P$cDr.$4edt 702 $aWeller$b Thomas$cDr.$4edt 801 0$bMiAaPQ 801 1$bMiAaPQ 801 2$bMiAaPQ 906 $aBOOK 912 $a9910476922003321 996 $aStreitkultur und O?ffentlichkeit im konfessionellen Zeitalter$92269304 997 $aUNINA